Statistics for Easy trivia’s #1

Click here to take the quiz!

General Stats

  • This quiz has been taken 38 times
  • The average score is 11 of 15

Answer Stats

QuestionAnswer% Correct
How many days are in a year?365
100%
What is the fastest land animal?Cheetah
93%
What country has the most peopleChina
90%
What is the biggest country in the world?Russia
90%
What is China’s national animal?Dragon
87%
Who was the first person that traveled to Australia?James Cook
87%
Who was the first prime minister of Australia?Edmond Barton
83%
Which country is known as the Land of White Elephant?Thailand
83%
When did the WW end?2/9/1945
80%
How many countries are there in the world?195
77%
How many bones are there in the human body?206
77%
What is good night in Italian?Buonanotte
73%
What is the smallest ocean in the world?The Arctic Ocean
63%
What is the longest river in the world?Amazon River
23%
What hair color has the most hairBlond
10%

Score Distribution

Percentile by Number Answered

Percent of People with Each Score

Your Score History

You have not taken this quiz